Normal view
MARC view
- Muhammad Sarim Mehdi
Entry Personal Name
001 - CONTROL NUMBER
- control field: 93456
003 - CONTROL NUMBER IDENTIFIER
- control field: NUST
005 - DATE AND TIME OF LATEST TRANSACTION
- control field: 20220713144439.0
008 - FIXED-LENGTH DATA ELEMENTS
- fixed length control field: 220713|| aca||aabn | a|a d
040 ## - CATALOGING SOURCE
- Original cataloging agency: NUST
- Transcribing agency: NUST
100 ## - HEADING--PERSONAL NAME
- Personal name: Muhammad Sarim Mehdi
670 ## - SOURCE DATA FOUND
- Source citation: Work cat.: (NUST)13658: Muhammad Sarim Mehdi, Design and control of a quadcopter, 2016
